000 00872nam a2200229 a 4500
001 47393
003 BD-RjUL
005 20211209054315.0
008 160808s2009 bg ||||| |||| 00| 0 ben d
020 _a9847015601126
_c: Tk. 200.00
035 _a(BD-RjUL)47512
040 _aBD-RjUL
_bben
_cBD-RjUL
041 _aben
082 _223
_a954.9205
_bHUM 2009
100 1 _aহুসাইন, সা'দাত
_9144162
245 1 0 _aমুক্তিযুদ্ধের দিন-দিনান্ত /
_cসা'দাত হুসাইন
260 _aঢাকা :
_bমাওলা ব্রাদার্স,
_c২০০৯
300 _a১১৯ পৃ. ;
_c২০ সেমি.
650 _aবাংলাদেশ
_xইতিহাস
_yবিপ্লব, 1971
_9144524
651 _aBangladesh
_xHistory
_yRevolution, 1971
_9144525
942 _2ddc
_cBK
_01
999 _c47393
_d47393